Customer experience for dummies: It is illegal under Indian law to export this book from India (Record no. 1465163)

MARC details
000 -LEADER
fixed length control field 01095nam a2200193 4500
005 - DATE AND TIME OF LATEST TRANSACTION
control field 20251107102517.0
008 - FIXED-LENGTH DATA ELEMENTS--GENERAL INFORMATION
fixed length control field 251107b |||||||| |||| 00| 0 eng d
020 ## - INTERNATIONAL STANDARD BOOK NUMBER
International Standard Book Number 9788126554355
037 ## - SOURCE OF ACQUISITION
Terms of availability Textual
040 ## - CATALOGING SOURCE
Original cataloging agency RTL
Transcribing agency RTL
084 ## - COLON CLASSIFICATION NUMBER
Assigning agency RTL
100 ## - MAIN ENTRY--PERSONAL NAME
Personal name Barnes, Roy
9 (RLIN) 850399
245 ## - TITLE STATEMENT
Title Customer experience for dummies: It is illegal under Indian law to export this book from India
260 ## - PUBLICATION, DISTRIBUTION, ETC.
Place of publication, distribution, etc. New Delhi
Name of publisher, distributor, etc. Wiley India Pvt. Ltd.
Date of publication, distribution, etc. 2019
300 ## - PHYSICAL DESCRIPTION
Extent xiv, 342 p.
Other physical details Includes bibliographical reference and index
520 ## - SUMMARY, ETC.
Summary, etc. A positive customer experience is absolutely essential to keeping your business relevant. Today's business owners need to know how to connect and engage with their customers through a variety of different channels, including online reviews and word of mouth. Customer Experience For Dummies helps you listen to your customers and offers friendly, practical, and easy-to-implement solutions for incorporating customer engagement into your business plans and keep the crowds singing your praises.
700 ## - ADDED ENTRY--PERSONAL NAME
Personal name Kelleher, Bob
9 (RLIN) 850400
942 ## - ADDED ENTRY ELEMENTS (KOHA)
Source of classification or shelving scheme Colon Classification (CC)
Suppress in OPAC No
Koha item type Textual
Holdings
Withdrawn status Lost status Source of classification or shelving scheme Damaged status Not for loan Home library Current library Date acquired Total Checkouts Barcode Date last seen Price effective from Koha item type
    Colon Classification (CC)     Ratan Tata Library Ratan Tata Library 2025-11-07   RT1585305 2025-11-07 2025-11-07 Textual
Copyright @ Delhi University Library System